| 000 | 00719nam a22002057a 4500 | ||
|---|---|---|---|
| 008 | 131023t ag||||| |||| 00| 0 spa d | ||
| 020 | _a950150901X | ||
| 050 | 0 | 4 |
_aML1700 _bD54 1989 |
| 100 | 1 |
_aDiGaetani, John Louis, _d1943- |
|
| 245 | 1 | 0 |
_aInvitación a la ópera / _cJohn Louis DiGaetani ; [traducción, Graciela Isnardi de Salas] |
| 250 | _a1a ed. | ||
| 260 |
_aBuenos Aires, Argentina : _bJavier Vergara, editor _c1989 |
||
| 300 |
_a325 p. : _bil. ; _c22 cm. |
||
| 440 | 0 | _aLa Musica y los musicos | |
| 500 | _aTraducción de: An invitation to the opera | ||
| 504 | _aIncluye referencias bibliograficas e índice | ||
| 650 | 4 | _aOpera | |
| 700 | 1 |
_aIsnardi de Salas, Graciela, _qtr. |
|
| 942 |
_2lcc _cLIB |
||
| 999 |
_c43766 _d43766 |
||